00441nam a2200157Ia 4500008004100000020002000041082001700061100001700078245006900095250000800164260003800172300002400210500001900234600001500253650001500268240925s9999 xx 000 0 und d a978.1118.928455 a658.3124 QUI aQuiggle, DAN 0aLead Like Reagan: Strategies to Motivate communicate and inspire a1st aNew Delhi:bWiley Easternc,2014. a386p.bNAfOriginal aIncludes Index aManagement aManagement